The Fosters (Abc Family show) Quiz Stats

 Plays Quiz not verified by Sporcle

Support Sporcle.
Go Orange.
Score 0/20 Timer 10:00
0 Plays Today
Hint Answer % Correct
What is Callie's last name?Jacob
86.1%
The number of schools Jude and Callie went to in the 2 years prior to the show?Seven
57%
What is Brandon particularly skilled at? Playing the piano
54.4%
The real actress who portrays CallieMaia Mitchell
44.2%
When Callie caught Mariana taking Jesus' pills at night, what was Callie really looking for?a phone
36.8%
What Callie's dad officially went to jail forManslaughter
35.8%
A hobby that Callie is seen to enjoy doingPhotography
34.1%
The real actor who portrays BrandonDavid Lambert
30.9%
The state that Wyatt's family moves to after their home forclosesIndiana
26.6%
Lena's ex (who comes to visit)'s name?Gretchen
26.3%
Hint Answer % Correct
The executive producer of the showJennifer Lopez
21.8%
What book is Brandon reading for school during the Pilot episode? Moby Dick
16.1%
Brandon's answer to why he was fine with the twins living with him there is enough to go around
15.4%
What snack did Callie make at home for everyone while Stef was at the hospital?biscuits and gravy
14.1%
Callie teased Mariana when Mariana was worried that Callie might steal what of hers?Her earrings
13.9%
When Wyatt brought Callie to the beach house, what did they plan to do that night?watch a meteor shower
10.9%
The title of the eighth episodeClean
10.3%
The title of the sixth episodeSaturday
10.1%
The city that, in the pilot, is referred to as being near San YsidroTiawana
8.1%
Jesus and Mariana's original last nameRamirez
8%

You're not logged in!

Compare scores with friends on all Sporcle quizzes.
OR
Log In

From the Vault

Name a Movie That... (2000s)

by DarkPhalanx

In the year 2000...you saw plenty of movies, and now you've completely forgotten them.
Remove Ads.
Support Sporcle.
Get the best of Sporcle when you Go Orange. This ad-free experience offers more features, more stats, and more fun while also helping to support Sporcle. Thank you for becoming a member.

Show Comments

Extras

Created Sep 12, 2013ReportNominate
Tags:Show Quiz, ABC, ABC Family, Family

Top Quizzes Today


Score Distribution

Your Account Isn't Verified!

In order to create a playlist on Sporcle, you need to verify the email address you used during registration. Go to your Sporcle Settings to finish the process.

Report this User

Report this user for behavior that violates our Community Guidelines.

Details: